000 01193nam a22002537a 4500
999 _c1230
_d1230
003 AR-CdUCM
008 190226b ||||| |||| 00| 0 spa d
040 _aMUNICIPALIDAD PROVINCIAL DEL CUSCO
_cBIBLIOTECA MUNICIPAL DEL CUSCO
082 _a301.54 /
_bSA22
100 _aSánchez León, Abelardo
_92261
245 _aLima :
_bUna Metrópoli 7 debates /
260 _aLima :
_bDESCO Centro de Estudios y Promoción del Desarrollo,
_c1983.
300 _a274 páginas ;
_bmapa,
_c21 cm.
505 _aContenido: Sector informal y algunas políticas promocionales de empleo en Lima metropolitana -- Expansión urbana de Lima metropolitana -- El problema del agua en Lima metropolitana -- Transporte público metropolitano: situación actual y políticas -- Política de vivienda y autoconstrucción -- Administración de Lima metropolitana ...
650 _aPolítica urbana
_94798
650 _aCiudades (Metrópolis)
_94799
650 _aProblemas sociales, congresos
_94800
700 _aOlivera C. Luis (coautor)
_94801
700 _aCalderón, Julio
_94802
700 _aCaravedo, Baltazar
_94803
700 _aCornejo, Mariano (coautores)
_94804
942 _2ddc
_cLIBROS
945 _aachl